000 01872cam a2200445 i 4500
001 30225
003 KOSZ 005
005 20250702063743.0
008 250701s1994 pl a f 001 0 pol d
020 _a8371011970
040 _aKOSZ 005
_cKOSZ 005/HR
_dKOSZ 005/RW
046 _k1994
080 _a004.032.26
245 0 0 _aSztuczne sieci neuronowe :
_bpodstawy i zastosowania /
_cJózef Korbicz, Andrzej Obuchowicz, Dariusz Uciński.
260 _aWarszawa :
_bAkademicka Oficyna Wydawnicza PLJ,
_c1994.
300 _a251 stron :
_brysunki, wykresy ;
_c24 cm.
336 _aTekst
_btxt
_2rdacontent
337 _aBez urządzenia pośredniczącego
_bn
_2rdamedia
338 _aWolumin
_bnc
_2rdacarrier
380 _aKsiążki
380 _aPublikacje fachowe
388 1 _a1901-2000
388 1 _a1989-2000
490 1 _aProblemy Współczesnej Nauki. Teoria i Zastosowania
504 _aBibliografia na stronach [232]-242. Indeks.
521 8 _aKsiążka jest przeznaczona dla informatyków i automatyków zainteresowanych nowoczesnymi systemami obliczeniowymi, jak również dla studentów kierunków Informatyka, Automatyka i Robotyka oraz Elektronika.
650 7 _aAlgorytmy
650 7 _aSztuczna sieć neuronowa
650 7 _aZastosowanie i wykorzystanie
655 7 _aOpracowanie
658 _aInformatyka i technologie informacyjne
658 _aInżynieria i technika
700 1 _aKorbicz, Józef
_d(1951- )
_eAutor
700 1 _aObuchowicz, Andrzej
_d(1963- )
_eAutor
700 1 _aUciński, Dariusz
_d(1965- )
_eAutor
710 2 _aAkademicka Oficyna Wydawnicza PLJ
_4pbl
830 0 _aProblemy Współczesnej Nauki.
_pInformatyka
856 _uhttp://koha.tu.koszalin.pl/cgi-bin/koha/opac-detail.pl?biblionumber=30225
_yKatalog online BPK
942 _2UKD
_cKS
999 _c30225
_d30225